[Event "VL-2022/23"]
[Site "MVP"]
[Date "2023.01.15"]
[Round "5.2"]
[White "Petrow, Jonas"]
[Black "Busch, Martin"]
[Result "1-0"]
[WhiteElo "1811"]
[BlackElo "2117"]
[PlyCount "111"]
[EventDate "2022.??.??"]
[EventType "team-tourn"]
[EventRounds "9"]
[EventCountry "GER"]
[WhiteTeam "Makkabi Rostock"]
[BlackTeam "Think Rochade"]
[WhiteTeamCountry "GER"]
[BlackTeamCountry "GER"]

1. d4 Nf6 2. c4 g6 3. Nc3 d5 4. Nf3 Bg7 5. Qb3 dxc4 6. Qxc4 O-O 7. e4 Nc6 8. Be2 e5 9. d5 Nd4 10. Nxd4 exd4 11. Qxd4 c6 12. Qc4 b5 13. Qb3 Re8 14. O-O Nxe4 15. Nxe4 Rxe4 16. Bf3 Qxd5 17. Qxd5 cxd5 18. Bxe4 dxe4 19. Re1 Be6 20. Rxe4 Rc8 21. a4 Bf5 22. Rb4 bxa4 23. Rbxa4 Rc2 24. Be3 Bxb2 25. Rd1 Kg7 26. Rxa7 h5 27. Ra2 Bf6 28. Rxc2 Bxc2 29. Rc1 Bf5 30. f3 Be6 31. Rc5 Bb2 32. Kf2 Bf6 33. h3 h4 34. Ra5 Bd7 35. Ke2 Be6 36. Ra4 Bd7 37. Rb4 Be6 38. Kf2 Bd7 39. Bd4 g5 40. f4 g4 41. hxg4 Bxd4+ 42. Rxd4 Bxg4 43. Rd5 f5 44. Rd6 Kh7 45. Ke3 h3 46. gxh3 Bxh3 47. Kd4 Kg7 48. Ke5 Bg4 49. Rb6 Kf7 50. Rb7+ Kf8 51. Kf6 Ke8 52. Rb3 Kd7 53. Re3 Kd8 54. Re5 Bh3 55. Rxf5 Bxf5 56. Kxf5 1-0

[Event "VL-2022/23"]
[Site "MVP"]
[Date "2023.01.15"]
[Round "5.3"]
[White "Celmer, Ole"]
[Black "Markovych, Illya"]
[Result "1/2-1/2"]
[WhiteElo "1930"]
[BlackElo "2028"]
[PlyCount "64"]
[EventDate "2022.??.??"]
[EventType "team-tourn"]
[EventRounds "9"]
[EventCountry "GER"]
[WhiteTeam "Think Rochade"]
[BlackTeam "Makkabi Rostock"]
[WhiteTeamCountry "GER"]
[BlackTeamCountry "GER"]

1. e4 e6 2. d4 d5 3. Nc3 Nf6 4. Bg5 Bb4 5. e5 h6 6. Bd2 Nfd7 7. Qg4 Bf8 8. f4 c5 9. Nf3 Nc6 10. dxc5 Nxc5 11. O-O-O a6 12. Be3 Qa5 13. Nd4 Nxd4 14. Rxd4 Bd7 15. Be2 O-O-O 16. Qf3 Bc6 17. Rhd1 Be7 18. Qf2 Nd7 19. Bg4 h5 20. Bf3 Kb8 21. Kb1 Ka8 22. Qe2 Rb8 23. g3 g6 24. Bf2 Rhc8 25. Be1 Qb6 26. Na4 Bxa4 27. Rxa4 Qc6 28. Ra5 Rc7 29. Rd3 Rbc8 30. Rc3 Qb6 31. Rb3 Qc6 32. Rc3 Qb6 1/2-1/2

[Event "VL-2022/23"]
[Site "MVP"]
[Date "2023.01.15"]
[Round "5.4"]
[White "Schamber, Dennis"]
[Black "Gazizov, Max"]
[Result "1-0"]
[WhiteElo "1714"]
[BlackElo "1689"]
[PlyCount "105"]
[EventDate "2022.??.??"]
[EventType "team-tourn"]
[EventRounds "9"]
[EventCountry "GER"]
[WhiteTeam "Makkabi Rostock"]
[BlackTeam "Think Rochade"]
[WhiteTeamCountry "GER"]
[BlackTeamCountry "GER"]

1. d4 Nf6 2. c4 g6 3. Nc3 Bg7 4. e4 d6 5. f3 O-O 6. Bg5 h6 7. Be3 e5 8. d5 Nh5 9. Qd2 g5 10. g4 Nf4 11. Nge2 Nd7 12. Ng3 Nf6 13. Nf5 Bxf5 14. gxf5 Nh7 15. O-O-O f6 16. Bd3 Kf7 17. Rdg1 Ke7 18. Bxf4 exf4 19. Ne2 Rg8 20. Nd4 Nf8 21. Qb4 Qc8 22. c5 Nd7 23. cxd6+ cxd6+ 24. Kd2 Qc5 25. Qxc5 dxc5 26. Ne6 Ne5 27. Ke2 Kd6 28. h4 Rac8 29. hxg5 hxg5 30. Rh7 c4 31. Bc2 c3 32. b4 Bf8 33. Rxb7 g4 34. fxg4 f3+ 35. Kf2 Rh8 36. Nd4 Rh2+ 37. Kg3 Nxg4 38. Kxg4 Rd2 39. Kxf3 Rxd4 40. Rxa7 Rd2 41. Rc1 Bh6 42. Ra6+ Ke7 43. Re6+ Kf7 44. Rc6 Rh8 45. Rc7+ Kg8 46. Bb3 Rd3+ 47. Ke2 Re3+ 48. Kf2 c2 49. R1xc2 Rxe4 50. d6+ Kf8 51. Rc8+ Re8 52. Rxe8+ Kxe8 53. Rc8+ 1-0

[Event "VL-2022/23"]
[Site "MVP"]
[Date "2023.01.15"]
[Round "5.2"]
[White "Luther, Alexander"]
[Black "Schreiber, Nico"]
[Result "1/2-1/2"]
[WhiteElo "2085"]
[BlackElo "1831"]
[PlyCount "58"]
[EventDate "2022.??.??"]
[EventType "team-tourn"]
[EventRounds "9"]
[EventCountry "GER"]
[WhiteTeam "Guestrow/Teterow"]
[BlackTeam "Mecklenburger Springer"]
[WhiteTeamCountry "GER"]
[BlackTeamCountry "GER"]

1. d4 d5 2. c4 e6 3. Nc3 c6 4. e4 dxe4 5. Nxe4 Nf6 6. Nxf6+ Qxf6 7. Nf3 h6 8. Bd3 Bb4+ 9. Bd2 Bxd2+ 10. Qxd2 Nd7 11. O-O O-O 12. Rfe1 c5 13. Qe3 cxd4 14. Nxd4 Nc5 15. Bc2 b6 16. b4 Nb7 17. Be4 Qe7 18. a3 a6 19. Rac1 Qc7 20. Qf3 e5 21. Nc6 Re8 22. Red1 Kh8 23. c5 f5 24. Bd5 e4 25. Qh5 Be6 26. Bxe6 Rxe6 27. Nd4 Rf6 28. cxb6 Qxb6 29. Qe2 Re8 1/2-1/2

[Event "VL-2022/23"]
[Site "MVP"]
[Date "2023.01.15"]
[Round "5.3"]
[White "Hopp, Peter"]
[Black "Seiler, Dirk"]
[Result "1/2-1/2"]
[WhiteElo "1831"]
[BlackElo "2128"]
[PlyCount "46"]
[EventDate "2022.??.??"]
[EventType "team-tourn"]
[EventRounds "9"]
[EventCountry "GER"]
[WhiteTeam "Mecklenburger Springer"]
[BlackTeam "Guestrow/Teterow"]
[WhiteTeamCountry "GER"]
[BlackTeamCountry "GER"]

1. e4 e6 2. d4 d5 3. exd5 exd5 4. Bd3 Bd6 5. Ne2 Ne7 6. Bg5 f6 7. Bf4 Bg4 8. f3 Bh5 9. c3 Nbc6 10. Qc2 Bg6 11. Bxg6+ Nxg6 12. Bxd6 {(=)} Qxd6 13. O-O O-O 14. Nd2 Rae8 15. Rfe1 Re6 16. Ng3 Rfe8 17. Rxe6 Qxe6 18. Ndf1 Kf7 19. Kf2 Na5 20. b3 b6 21. Qd2 Nb7 22. Ne3 {(=)} Nd6 23. Re1 c6 1/2-1/2

[Event "VL-2022/23"]
[Site "MVP"]
[Date "2023.01.15"]
[Round "5.4"]
[White "Dettmann, Gerd"]
[Black "Wulff, Jens-Peter"]
[Result "1-0"]
[WhiteElo "2092"]
[BlackElo "1726"]
[PlyCount "89"]
[EventDate "2022.??.??"]
[EventType "team-tourn"]
[EventRounds "9"]
[EventCountry "GER"]
[WhiteTeam "Guestrow/Teterow"]
[BlackTeam "Mecklenburger Springer"]
[WhiteTeamCountry "GER"]
[BlackTeamCountry "GER"]

1. e4 c5 2. Nf3 a6 3. c3 Nc6 4. d4 d5 5. dxc5 dxe4 6. Qxd8+ Nxd8 7. Ne5 Nc6 8. Nc4 Bg4 9. Be3 e5 10. Nbd2 f5 11. h3 Bh5 12. g4 Bg6 13. gxf5 Bxf5 14. O-O-O O-O-O 15. Bg2 Nf6 16. b4 Rd3 17. Kb2 Be7 18. a3 Rhd8 19. Bf1 Rxe3 20. Nxe3 Bg6 21. Be2 Nh5 22. Ndc4 Nf4 23. Rxd8+ Bxd8 24. Nd6+ Kb8 25. Bc4 Nd3+ 26. Bxd3 exd3 27. Ndf5 Bf6 28. f3 Ne7 29. Nxe7 Bxe7 30. h4 Bh5 31. Rh3 Be8 32. Nd5 Bd8 33. c4 Bd7 34. Rh1 Bf5 35. Ne3 g6 36. Kc3 e4 37. Nxf5 gxf5 38. fxe4 fxe4 39. Kd4 b5 40. cxb5 axb5 41. Kxe4 Bf6 42. Kxd3 Bb2 43. Kc2 Bxa3 44. Kb3 Bxb4 45. Kxb4 1-0

[Event "VL-2022/23"]
[Site "MVP"]
[Date "2023.01.15"]
[Round "5.6"]
[White "Gebert-Vangeel, Ralf"]
[Black "Wulf, Doris"]
[Result "1-0"]
[WhiteElo "2017"]
[BlackElo "1568"]
[PlyCount "117"]
[EventDate "2022.??.??"]
[EventType "team-tourn"]
[EventRounds "9"]
[EventCountry "GER"]
[WhiteTeam "Guestrow/Teterow"]
[BlackTeam "Mecklenburger Springer"]
[WhiteTeamCountry "GER"]
[BlackTeamCountry "GER"]

1. e4 c5 2. Nf3 d6 3. d4 cxd4 4. Nxd4 Nf6 5. Nc3 a6 6. Bg5 e6 7. f4 Be7 8. Qf3 Qc7 9. O-O-O Nbd7 10. f5 Ne5 11. Qg3 O-O 12. Be2 b5 13. Bh6 Ne8 14. Rhf1 Kh8 15. Bf4 Nf6 16. a3 Rg8 17. Qe1 exf5 18. Nxf5 Bxf5 19. exf5 Rad8 20. h3 Rge8 21. g4 Bf8 22. g5 Nfd7 23. Qg3 Nb6 24. Rd4 Nc6 25. Rd2 Ne5 26. Rfd1 Qb8 27. g6 fxg6 28. fxg6 Nbc4 29. Bxc4 Nxc4 30. Rd4 Qc7 31. gxh7 Qe7 32. Bg5 Qe6 33. Bxd8 Rxd8 34. Ne4 d5 35. Ng5 Qg6 36. Rf1 Bd6 37. Qg1 Rf8 38. Rxf8+ Bxf8 39. Rf4 Qe8 40. Kb1 Bd6 41. Nf7+ Kxh7 42. Rh4+ Kg8 43. Rh8+ Kxf7 44. Rxe8 Kxe8 45. Qxg7 Be5 46. Qg6+ Ke7 47. c3 a5 48. Qc6 Nd2+ 49. Kc2 Nc4 50. Qxb5 Bd6 51. Kd3 Ne5+ 52. Ke3 Ke6 53. a4 Nc4+ 54. Kf2 Ke5 55. b3 Na3 56. Qe2+ Kf5 57. b4 axb4 58. cxb4 Bxb4 59. a5 1-0

[Event "VL-2022/23"]
[Site "MVP"]
[Date "2023.01.15"]
[Round "5.7"]
[White "Moritz, Egon"]
[Black "Scharf, Christian"]
[Result "0-1"]
[WhiteElo "1627"]
[BlackElo "1336"]
[PlyCount "42"]
[EventDate "2022.??.??"]
[EventType "team-tourn"]
[EventRounds "9"]
[EventCountry "GER"]
[WhiteTeam "Mecklenburger Springer"]
[BlackTeam "Guestrow/Teterow"]
[WhiteTeamCountry "GER"]
[BlackTeamCountry "GER"]

1. d4 Nf6 2. c4 e6 3. Nc3 d5 4. Nf3 c6 5. Bg5 Qa5 6. Nd2 Bb4 7. Qa4 Bxc3 8. Qxa5 Bxa5 9. cxd5 cxd5 10. f3 O-O 11. a3 Bxd2+ 12. Bxd2 Nc6 13. e3 Bd7 14. Bd3 Rac8 15. O-O Rfe8 16. Bc3 e5 17. dxe5 Nxe5 18. Be2 Nc4 19. Kf2 Nxe3 20. Rfc1 d4 21. Bxd4 Nc2 0-1

[Event "VL-2022/23"]
[Site "MVP"]
[Date "2023.01.15"]
[Round "5.8"]
[White "Dettmann, Holger"]
[Black "Wittenburg, Dirk"]
[Result "1-0"]
[WhiteElo "2003"]
[BlackElo "1509"]
[PlyCount "91"]
[EventDate "2022.??.??"]
[EventType "team-tourn"]
[EventRounds "9"]
[EventCountry "GER"]
[WhiteTeam "Guestrow/Teterow"]
[BlackTeam "Mecklenburger Springer"]
[WhiteTeamCountry "GER"]
[BlackTeamCountry "GER"]

1. d4 d5 2. Nc3 Nf6 3. Bf4 a6 4. Qd2 Bf5 5. f3 e6 6. g4 Bg6 7. e3 Be7 8. Bd3 Bxd3 9. cxd3 Nc6 10. Nge2 O-O 11. h4 Nd7 12. Bg3 b5 13. Rc1 Bb4 14. a3 Ba5 15. b4 Bb6 16. O-O Ne7 17. Kg2 c6 18. Nd1 Bc7 19. Nf2 Bxg3 20. Kxg3 Rc8 21. e4 Ng6 22. h5 Ne7 23. e5 f6 24. Nf4 Kf7 25. N2h3 h6 26. exf6 Nxf6 27. Rfe1 Qc7 28. Kg2 e5 29. Rxe5 Rfe8 30. g5 Nd7 31. Rxe7+ Rxe7 32. Nxd5 Qd6 33. Nxe7 Qxe7 34. Qf4+ Kg8 35. Qe4 Qf7 36. d5 Re8 37. g6 Qf8 38. Qf4 Qe7 39. dxc6 Nb6 40. c7 Qe2+ 41. Nf2 Nc8 42. Qf7+ Kh8 43. Rc2 Qe3 44. Ng4 Qe1 45. Rf2 Rg8 46. Nf6 1-0

[Event "VL-2022/23"]
[Site "MVP"]
[Date "2023.01.15"]
[Round "5.3"]
[White "Troemer, Felix"]
[Black "Schulz, Daniel"]
[Result "0-1"]
[WhiteElo "1753"]
[BlackElo "1817"]
[PlyCount "56"]
[EventDate "2022.??.??"]
[EventType "team-tourn"]
[EventRounds "9"]
[EventCountry "GER"]
[WhiteTeam "SAV Torgelow II"]
[BlackTeam "SG Neubrandenburg"]
[WhiteTeamCountry "GER"]
[BlackTeamCountry "GER"]

1. e4 c5 2. Nf3 e6 3. d4 cxd4 4. Nxd4 Nc6 5. c4 Nf6 6. Nc3 Bb4 7. Nxc6 dxc6 8. Qxd8+ Kxd8 9. Bg5 h6 10. O-O-O+ Ke7 11. Bxf6+ Kxf6 12. Kc2 e5 13. a3 Bc5 14. Be2 a5 15. Rhf1 g5 16. Na4 Bd4 17. Rd3 Be6 18. Rb3 b5 19. Rf3+ Kg6 20. cxb5 Bg4 21. Re3 Bxe3 22. Bxg4 cxb5 23. Nc3 Bd4 24. Nxb5 Rhd8 25. Nc3 Bxc3 26. Kxc3 a4 27. f3 Ra7 28. Rf2 Rc7+ 0-1

[Event "VL-2022/23"]
[Site "MVP"]
[Date "2023.01.15"]
[Round "5.6"]
[White "Hoerhold, Martin"]
[Black "Schmekel, Matthias"]
[Result "1-0"]
[WhiteElo "1828"]
[BlackElo "1938"]
[PlyCount "143"]
[EventDate "2022.??.??"]
[EventType "team-tourn"]
[EventRounds "9"]
[EventCountry "GER"]
[WhiteTeam "SG Neubrandenburg"]
[BlackTeam "SAV Torgelow II"]
[WhiteTeamCountry "GER"]
[BlackTeamCountry "GER"]

1. d4 f5 2. c4 d6 3. Nf3 Nf6 4. g3 g6 5. Bg2 Bg7 6. Nc3 c6 7. O-O O-O 8. d5 e5 9. e4 f4 10. dxc6 bxc6 11. gxf4 exf4 12. Bxf4 Nxe4 13. Nxe4 Rxf4 14. Qxd6 Qxd6 15. Nxd6 Bg4 16. Nd2 Bxb2 17. Rab1 Ba3 18. Nb5 cxb5 19. Bxa8 Bh3 20. Rfe1 Nd7 21. Rb3 Bc5 22. Rxh3 Bxf2+ 23. Kf1 Bxe1+ 24. Kxe1 Nb6 25. Bd5+ Nxd5 26. cxd5 Rd4 27. Ra3 Rxd5 28. Rxa7 g5 29. Ke2 h5 30. Ne4 Re5 31. Kf3 Rf5+ 32. Kg2 Rf4 33. Nf2 Rd4 34. Rc7 Rd5 35. Ne4 Re5 36. Kf3 Rf5+ 37. Ke3 g4 38. Rc5 Rf3+ 39. Kd4 Rh3 40. Rxh5 Ra3 41. Rxb5 Rxa2 42. Rh5 Kg7 43. Ke3 Ra3+ 44. Kf4 Ra4 45. Rg5+ Kh6 46. Rxg4 Ra2 47. Rh4+ Kg6 48. Rh3 Ra4 49. Rg3+ Kh5 50. Rg5+ Kh4 51. Rg8 Kh3 52. Rh8+ Kg2 53. h4 Kh3 54. h5 Kh4 55. Kf5 Ra5+ 56. Kg6 Re5 57. Nf6 Rg5+ 58. Kf7 Ra5 59. Rh6 Ra7+ 60. Kg6 Ra6 61. Rh7 Ra5 62. Rd7 Rg5+ 63. Kh6 Rf5 64. Rd4+ Kg3 65. Kg6 Ra5 66. h6 Ra8 67. h7 Kf3 68. Kg7 Ke3 69. Re4+ Kf3 70. Re8 Ra7+ 71. Kg8 Rxh7 72. Nxh7 1-0

[Event "VL-2022/23"]
[Site "MVP"]
[Date "2023.02.26"]
[Round "6.3"]
[White "Schmidt, Paul"]
[Black "Mehl, Ronald"]
[Result "1/2-1/2"]
[WhiteElo "1844"]
[BlackElo "2099"]
[PlyCount "56"]
[EventDate "2022.??.??"]
[EventType "team-tourn"]
[EventRounds "9"]
[EventCountry "GER"]
[WhiteTeam "SAV Torgelow II"]
[BlackTeam "HSG Stralsund"]
[WhiteTeamCountry "GER"]
[BlackTeamCountry "GER"]

1. e4 c5 2. Nf3 e6 3. d4 cxd4 4. Nxd4 a6 5. Nc3 Qc7 6. Bd3 Nf6 7. O-O d6 8. Be3 b5 9. h3 Bb7 10. a3 Nbd7 11. Qe1 Be7 12. f4 O-O 13. Rd1 Rfe8 14. Kh1 Nc5 15. Bc1 d5 16. exd5 exd5 17. Qg3 Nce4 18. Nxe4 dxe4 19. Be2 Bf8 20. c3 Rad8 21. Nf5 Kh8 22. Rxd8 Rxd8 23. Rd1 Rxd1+ 24. Bxd1 Qc4 25. Ne3 Qd3 26. Bc2 Qe2 27. Bd1 Qd3 28. Bc2 Qe2 1/2-1/2

[Event "VL-2022/23"]
[Site "MVP"]
[Date "2023.02.26"]
[Round "6.4"]
[White "Paulowitz, Bernd-Rainer"]
[Black "Troemer, Felix"]
[Result "1-0"]
[WhiteElo "1904"]
[BlackElo "1753"]
[PlyCount "53"]
[EventDate "2022.??.??"]
[EventType "team-tourn"]
[EventRounds "9"]
[EventCountry "GER"]
[WhiteTeam "HSG Stralsund"]
[BlackTeam "SAV Torgelow II"]
[WhiteTeamCountry "GER"]
[BlackTeamCountry "GER"]

1. d4 Nf6 2. Nf3 e6 3. c4 d5 4. e3 c5 5. Nc3 a6 6. cxd5 exd5 7. g3 Bg4 8. Bg2 cxd4 9. exd4 Bb4 10. O-O O-O 11. Qb3 Nc6 12. Be3 Bxc3 13. bxc3 Na5 14. Qb4 b6 15. Ne5 Be6 16. Bg5 Rb8 17. Rfe1 h6 18. Bf4 Rc8 19. Bf1 Nc4 20. Rab1 Nxe5 21. Bxe5 Ne4 22. Bxa6 Nxc3 23. Bxc8 Qxc8 24. Rb2 Bf5 25. Bd6 Rd8 26. Qxb6 Be4 27. Qxd8+ 1-0

[Event "VL-2022/23"]
[Site "MVP"]
[Date "2023.02.26"]
[Round "6.5"]
[White "Massloch, Philipp"]
[Black "Bramhoff, Jakob"]
[Result "1-0"]
[WhiteElo "1805"]
[BlackElo "1659"]
[PlyCount "81"]
[EventDate "2022.??.??"]
[EventType "team-tourn"]
[EventRounds "9"]
[EventCountry "GER"]
[WhiteTeam "SAV Torgelow II"]
[BlackTeam "HSG Stralsund"]
[WhiteTeamCountry "GER"]
[BlackTeamCountry "GER"]

{[%evp 0,38,21,38,38,38,38,10,10,11,-42,-24,-40,-31,-3,-3,-4,-63,-56,-1,-9,-7,18,3,16,19,19,0,90,73,64,64,114,83,116,104,84,101,195,166,206]} 1. e4 e5 2. Nf3 Nc6 3. Bc4 Nf6 4. Ng5 d5 5. exd5 Na5 6. Bb5+ c6 7. dxc6 bxc6 8. Be2 h6 9. Nf3 e4 10. Ne5 Bd6 11. d4 exd3 12. Nxd3 Qc7 13. g3 Ne4 14. Bf3 Bf5 15. O-O O-O-O 16. Nd2 Nf6 17. Nb3 Nc4 18. Nd4 Bh3 19. Re1 Bxg3 20. hxg3 Rxd4 21. c3 (21. b3 Ne5 22. Rxe5 Rxd3 23. cxd3 Qxe5 24. Bf4 Qa5 25. Rc1 $18) 21... Rd7 22. Qc2 $2 $19 (22. b3 Qd6 23. bxc4 Qxd3 24. Qxd3 Rxd3 $18) 22... Bf5 23. Qa4 Bxd3 (23... Rxd3 24. Bf4 Qb6) 24. Bxc6 Nb6 $2 (24... Ne5 25. Rxe5 Qxe5 26. Bf4 Qc5 27. Qb3 Qb6) 25. Bxd7+ Qxd7 26. Qb4 Re8 27. Bf4 Nfd5 28. Qc5+ Kb7 29. Bd6 Rc8 30. Qd4 Bb5 31. Bc5 Bc6 32. Rad1 Qh3 33. Qh4 Qf5 34. Qe4 Qf6 35. Bxb6 axb6 $4 (35... Nxb6 $11) 36. Rxd5 Re8 37. Rd7+ Ka6 38. Qxe8 Qf3 39. Qc8+ Kb5 40. Re5+ Kc4 41. Rd4# 1-0

[Event "VL-2022/23"]
[Site "MVP"]
[Date "2023.02.26"]
[Round "6.7"]
[White "Schmekel, Matthias"]
[Black "Leddin, Mathias"]
[Result "1/2-1/2"]
[WhiteElo "1938"]
[BlackElo "1602"]
[PlyCount "95"]
[EventDate "2022.??.??"]
[EventType "team-tourn"]
[EventRounds "9"]
[EventCountry "GER"]
[WhiteTeam "SAV Torgelow II"]
[BlackTeam "HSG Stralsund"]
[WhiteTeamCountry "GER"]
[BlackTeamCountry "GER"]

{[%evp 0,95,26,14,41,22,24,8,5,-2,29,29,2,29,59,57,94,101,98,62,91,87,86,84,92,87,110,108,91,15,19,9,15,-8,-8,-10,0,-32,-12,-11,11,1,9,5,9,0,4,-38,-19,-22,-8,-25,-2,-23,71,68,143,72,92,115,120,150,150,139,164,171,164,171,402,145,173,105,79,16,16,24,52,7,70,7,7,0,5,0,0,0,803,795,810,6,810,6,6,0,0,-69,0,-108]} 1. e4 e5 2. Nf3 Nc6 3. d4 exd4 4. Nxd4 Bc5 5. Be3 Qf6 6. c3 Nxd4 7. cxd4 Bb4+ 8. Nc3 Ne7 9. Bc4 O-O 10. O-O Bxc3 11. bxc3 d6 12. Qd2 h6 13. Rab1 b6 14. f4 d5 15. e5 Qg6 16. Bb3 Bf5 17. Rbc1 b5 18. Rf3 Be4 19. Bc2 Bxc2 20. Rxc2 Nf5 21. Bf2 c6 22. h3 h5 23. Kh2 Rfe8 24. Rc1 Re6 25. Qe1 Kh7 26. Bh4 Nxh4 27. Qxh4 Qh6 28. Rcf1 g6 29. Rg3 Rg8 30. Rg5 f5 31. exf6 Rxf6 32. f5 Kg7 33. Qg3 Kh8 34. Qh4 Kg7 35. Rxg6+ Rxg6 36. Qe7+ Kh8 37. fxg6 Qxg6 38. Qe5+ Rg7 39. Rf2 Kh7 40. Re2 a5 {(=)} 41. g3 Rf7 42. Kg2 Kh6 $4 43. Qh8+ Rh7 44. Qf8+ $2 (44. Qc8 $1 {gewinnt} Qf7 (44... Rf7 45. Re6 Rf6 46. Qh8+ Kg5 47. Re5+ Rf5 48. h4+ Kg4 49. Rxf5 Kxf5 50. Qe5+ Kg4 51. Qf4#) (44... Rg7) 45. Qxc6+ (45. Re6+ Kg7 46. Qxc6) 45... Kg7 46. Re6 b4 (46... h4 47. g4) (46... Rh8 47. Qxd5 Rf8 48. Qg5+ Kh8 49. Rh6+) 47. Qxd5 bxc3 48. Qg5+ Kf8 49. Qd8+ Kg7 50. Re7) 44... Rg7 45. Qf4+ Kh7 46. Rf2 Re7 {(=)} 47. Qf5 Re3 48. Qxg6+ 1/2-1/2

[Event "VL-2022/23"]
[Site "MVP"]
[Date "2023.02.26"]
[Round "6.1"]
[White "Stoevesand, Eric"]
[Black "Schreiber, Felix"]
[Result "1-0"]
[WhiteElo "1910"]
[BlackElo "1954"]
[PlyCount "73"]
[EventDate "2022.??.??"]
[EventType "team-tourn"]
[EventRounds "9"]
[EventCountry "GER"]
[WhiteTeam "SG Neubrandenburg"]
[BlackTeam "Mecklenburger Springer"]
[WhiteTeamCountry "GER"]
[BlackTeamCountry "GER"]

1. e4 c5 2. Nf3 d6 3. d4 cxd4 4. Nxd4 Nf6 5. Nc3 a6 6. Be3 e5 7. Nb3 Be7 8. f3 Be6 9. Qd2 O-O 10. O-O-O a5 11. Bb5 Na6 12. Kb1 Nc7 13. Bb6 Nd7 14. Bxd7 Qxd7 15. Bxc7 Qxc7 16. Nd5 Bxd5 17. Qxd5 a4 18. Nd2 Rfc8 19. Qd3 a3 20. b3 b5 21. c4 b4 22. h4 Bf8 23. Nf1 g6 24. Ne3 Rab8 25. g4 Rb7 26. Nd5 Qc5 27. Qd2 Ra8 28. h5 Bg7 29. Rh2 f6 30. hxg6 hxg6 31. Rdh1 g5 32. Rh7 Rf8 33. Ne3 Rc7 34. Nf5 Rd7 35. Qh2 Qa7 36. Qh5 Qf2 37. Rxg7+ 1-0

[Event "VL-2022/23"]
[Site "MVP"]
[Date "2023.02.26"]
[Round "6.2"]
[White "Schreiber, Nico"]
[Black "Stoevesand, Peter"]
[Result "0-1"]
[WhiteElo "1831"]
[BlackElo "1754"]
[PlyCount "92"]
[EventDate "2022.??.??"]
[EventType "team-tourn"]
[EventRounds "9"]
[EventCountry "GER"]
[WhiteTeam "Mecklenburger Springer"]
[BlackTeam "SG Neubrandenburg"]
[WhiteTeamCountry "GER"]
[BlackTeamCountry "GER"]

1. d4 d5 2. Bf4 Nf6 3. e3 e6 4. Nf3 Bd6 5. Ne5 O-O 6. Bd3 Nbd7 7. Nd2 Qe7 8. c3 Ne8 9. Bg3 f6 10. Nxd7 Bxd7 11. Qc2 g6 12. Nf3 b5 13. b4 a5 14. Bxd6 cxd6 15. Qe2 Nc7 16. O-O Kg7 17. h3 e5 18. e4 dxe4 19. Bxe4 d5 20. Bc2 e4 21. a3 a4 22. Rac1 Ne8 23. Bb1 Nd6 24. Ba2 Be6 25. Ne1 Qd7 26. Nc2 Nf5 27. Ne3 Nh4 28. Ng4 h5 29. Nh2 Rae8 30. Qe3 Nf5 31. Qe2 Re7 32. Rfe1 Rfe8 33. Nf1 Nh4 34. Nh2 Bxh3 35. gxh3 Qxh3 36. Qf1 Qd7 37. Re3 f5 38. Re2 f4 39. f3 exf3 40. Rxe7+ Qxe7 41. Qf2 Qg5+ 42. Kh1 Re2 43. Nxf3 Nxf3 44. Qxe2 Qh4+ 45. Kg2 Qg3+ 46. Kh1 Qh3+ 0-1

[Event "VL-2022/23"]
[Site "MVP"]
[Date "2023.02.26"]
[Round "6.3"]
[White "Schulz, Daniel"]
[Black "Hopp, Peter"]
[Result "1-0"]
[WhiteElo "1817"]
[BlackElo "1831"]
[PlyCount "39"]
[EventDate "2022.??.??"]
[EventType "team-tourn"]
[EventRounds "9"]
[EventCountry "GER"]
[WhiteTeam "SG Neubrandenburg"]
[BlackTeam "Mecklenburger Springer"]
[WhiteTeamCountry "GER"]
[BlackTeamCountry "GER"]

1. e4 d5 2. exd5 Qxd5 3. Nc3 Qa5 4. Bc4 Nf6 5. d3 a6 6. Bd2 Qf5 7. Qe2 c5 8. a4 Nc6 9. Nf3 e5 10. O-O Bd6 11. Nd5 Nxd5 12. Bxd5 Nd4 13. Nxd4 cxd4 14. f4 O-O 15. fxe5 Qxe5 16. Qxe5 Bxe5 17. Bb4 Rd8 18. Bxf7+ Kh8 19. Be7 Rd7 20. Be8 1-0

[Event "VL-2022/23"]
[Site "MVP"]
[Date "2023.02.26"]
[Round "6.4"]
[White "Wulff, Jens-Peter"]
[Black "Rossmann, Andreas"]
[Result "0-1"]
[WhiteElo "1727"]
[BlackElo "2073"]
[PlyCount "60"]
[EventDate "2022.??.??"]
[EventType "team-tourn"]
[EventRounds "9"]
[EventCountry "GER"]
[WhiteTeam "Mecklenburger Springer"]
[BlackTeam "SG Neubrandenburg"]
[WhiteTeamCountry "GER"]
[BlackTeamCountry "GER"]

1. e4 c5 2. b3 d6 3. Nc3 Nf6 4. Bb2 Nc6 5. Bc4 e6 6. Nge2 Be7 7. d4 cxd4 8. Nxd4 O-O 9. O-O Bd7 10. Ndb5 Qb8 11. Ba3 Ne8 12. f4 a6 13. Bxd6 Nxd6 14. e5 axb5 15. exd6 Bf6 16. Nxb5 Bxa1 17. Qxa1 Na5 18. Nc7 Nxc4 19. bxc4 Qa7+ 20. Kh1 Qxa2 21. Nxa8 Rxa8 22. Qc3 Rc8 23. c5 Qd5 24. Rb1 Rxc5 25. Qe5 Bc6 26. Qe2 Qxd6 27. c4 Qxf4 28. Rd1 h6 29. Rd8+ Kh7 30. h3 Rg5 0-1

[Event "VL-2022/23"]
[Site "MVP"]
[Date "2023.02.26"]
[Round "6.5"]
[White "Kunow, Frank"]
[Black "Kumbernuss, Torsten"]
[Result "1/2-1/2"]
[WhiteElo "1950"]
[BlackElo "1562"]
[PlyCount "125"]
[EventDate "2022.??.??"]
[EventType "team-tourn"]
[EventRounds "9"]
[EventCountry "GER"]
[WhiteTeam "SG Neubrandenburg"]
[BlackTeam "Mecklenburger Springer"]
[WhiteTeamCountry "GER"]
[BlackTeamCountry "GER"]

1. Nf3 Nf6 2. c4 d6 3. g3 e5 4. Bg2 Be7 5. Nc3 O-O 6. O-O Nc6 7. e3 Rb8 8. d4 exd4 9. exd4 Na5 10. Qd3 b6 11. d5 c5 12. dxc6 Nxc6 13. Nd5 Nxd5 14. cxd5 Ne5 15. Qa3 Nxf3+ 16. Bxf3 a5 17. Bd2 Bf6 18. Rac1 Bh3 19. Bg2 Bxg2 20. Kxg2 Bd4 21. b4 axb4 22. Bxb4 Bc5 23. Qb2 Qg5 24. Rcd1 Qg4 25. Bc3 f6 26. Bd4 Ra8 27. f3 Qd7 28. Bf2 Qa4 29. Rd2 Rfe8 30. Re1 Rxe1 31. Bxe1 Qb4 32. Qc2 Qa4 33. Qd3 Bb4 34. Re2 Bxe1 35. Rxe1 Qxa2+ 36. Re2 Qa6 37. Qe4 Qc8 38. Qe7 Qd8 39. Qe6+ Kf8 40. Rc2 Qe7 41. Qf5 g6 42. Qd3 Qd7 43. Qd4 Kg7 44. g4 Rc8 45. Re2 h6 46. h4 Qf7 47. g5 hxg5 48. hxg5 Re8 49. Qxf6+ Qxf6 50. gxf6+ Kf7 51. Rc2 Kxf6 52. f4 Rb8 53. Rc6 Ke7 54. Rc7+ Kf6 55. Rc6 Kf5 56. Rxd6 Kxf4 57. Rxg6 Ke5 58. Rg5+ Kd6 59. Kf3 b5 60. Ke4 Kc5 61. Kd3 b4 62. Kc2 Rb6 63. Kb3 1/2-1/2

[Event "VL-2022/23"]
[Site "MVP"]
[Date "2023.02.26"]
[Round "6.7"]
[White "Pruesse, Horst"]
[Black "Schmidt, Wolfgang"]
[Result "1-0"]
[WhiteElo "2089"]
[BlackElo "1681"]
[PlyCount "69"]
[EventDate "2022.??.??"]
[EventType "team-tourn"]
[EventRounds "9"]
[EventCountry "GER"]
[WhiteTeam "SG Neubrandenburg"]
[BlackTeam "Mecklenburger Springer"]
[WhiteTeamCountry "GER"]
[BlackTeamCountry "GER"]

1. e4 g6 2. Nc3 Bg7 3. f4 d6 4. Nf3 Nf6 5. Bc4 e6 6. d3 a6 7. a4 Nc6 8. O-O Na5 9. Ba2 c5 10. Qe1 Nc6 11. f5 O-O 12. Qh4 exf5 13. Bg5 h6 14. Bxh6 Nh5 15. Bg5 Bf6 16. Nd5 Bxg5 17. Nxg5 Kg7 18. exf5 Kh6 19. f6 Ne5 20. Ne3 b5 21. g4 c4 22. gxh5 gxh5 23. Nf5+ Bxf5 24. Rxf5 Rg8 25. Kf1 Qd7 26. Qf4 Kg6 27. Ne6 fxe6 28. Qg5+ Kf7 29. Qxh5+ Kf8 30. Qh6+ Ke8 31. Rf4 Ra7 32. dxc4 Qh7 33. f7+ Rxf7 34. Qxe6+ Re7 35. Qc8# 1-0